Growth and cycles in the Japanese economy

Wedi'i Gadw mewn:
Manylion Llyfryddiaeth
Prif Awdur: Shinohara, Miyohei
Fformat: Llyfr
Iaith:Undetermined
Cyhoeddwyd: Tokyo Kinokuniya Bookstore Co. 1962
Pynciau:
Tagiau: Ychwanegu Tag
Dim Tagiau, Byddwch y cyntaf i dagio'r cofnod hwn!
Thư viện lưu trữ: Trung tâm Học liệu Trường Đại học Cần Thơ
LEADER 00520nam a2200193Ia 4500
001 CTU_86371
008 210402s9999 xx 000 0 und d
082 |a 330.952 
082 |b S556 
100 |a Shinohara, Miyohei 
245 0 |a Growth and cycles in the Japanese economy 
245 0 |c Miyohei Shinohara 
260 |a Tokyo 
260 |b Kinokuniya Bookstore Co. 
260 |c 1962 
650 |a Japan 
650 |x Economic conditions 
904 |i Năm 
980 |a Trung tâm Học liệu Trường Đại học Cần Thơ